000 00651nam a2200229Ia 4500
008 160404s9999 xx 000 0 und d
020 _a971-23-2390-0
050 _aFIL HF 5415
050 _b.L36 1998 c.1
100 _aLao, Felix M., Jr.
245 _aMarketing management :
245 _bconcepts and applications for strategic marketing planning /
245 _cFelix M. Lao, Jr.
260 _aManila :
260 _bRex Book Store, Inc.,
260 _c1998
300 _a524 pages :
300 _billustrations ;
300 _c26 cm.
500 _aIncludes bibliographical references and index.
650 _aMarketing management.
999 _c293324
_d293324